|
|
|
|
| LEADER |
01452cas a2200301 a 4500 |
| 001 |
AALejournalIMF019238 |
| 008 |
230101c9999 xx r poo 0 0eng d |
| 020 |
|
|
|c 5.00 USD
|
| 020 |
|
|
|z 9781498309240
|
| 022 |
|
|
|a 2663-3493
|
| 040 |
|
|
|a BD-DhAAL
|c BD-DhAAL
|
| 110 |
2 |
|
|a International Monetary Fund.
|
| 245 |
1 |
0 |
|a Statement by the Managing Director on the Work Program of the Executive Board.
|
| 264 |
|
1 |
|a Washington, D.C. :
|b International Monetary Fund,
|c 2018.
|
| 300 |
|
|
|a 1 online resource (7 pages)
|
| 490 |
1 |
|
|a Policy Papers
|
| 500 |
|
|
|a <strong>Off-Campus Access:</strong> No User ID or Password Required
|
| 500 |
|
|
|a <strong>On-Campus Access:</strong> No User ID or Password Required
|
| 506 |
|
|
|a Electronic access restricted to authorized BRAC University faculty, staff and students
|
| 520 |
3 |
|
|a This Work Program (WP) translates the strategic directions and policy priorities laid out in the Spring 2018 Global Policy Agenda (GPA) Update and the International Monetary and Financial Committee (IMFC) Communique into an Executive Board agenda for the next twelve months.
|
| 538 |
|
|
|a Mode of access: Internet
|
| 650 |
|
7 |
|a Debt
|2 imf
|
| 650 |
|
7 |
|a Fiscal Policy
|2 imf
|
| 650 |
|
7 |
|a Policy
|2 imf
|
| 650 |
|
7 |
|a PP
|2 imf
|
| 650 |
|
7 |
|a Staff
|2 imf
|
| 830 |
|
0 |
|a Policy Papers; Policy Paper ;
|v No. 2018/037
|
| 856 |
4 |
0 |
|z Full text available on IMF
|u http://elibrary.imf.org/view/journals/007/2018/037/007.2018.issue-037-en.xml
|z IMF e-Library
|